Books of the Torah - Statistics

General Stats
  • This quiz has been taken 41 times
  • The average score is 4 of 5
Answer Stats
Books % Correct
Genesis
95%
Exodus
84%
Deuteronomy
74%
Numbers
74%
Leviticus
71%
No matching quizzes found
Score Distribution
Percent of People with Each Score
Percentile by Number Answered
Your Score History
You have not taken this quiz